| 000 | 00413nam a2200157Ia 4500 | ||
|---|---|---|---|
| 003 | GCL | ||
| 008 | 140319s9999 xx 000 0 eng d | ||
| 040 |
_aGCL / _cGCL |
||
| 082 | 0 | 4 |
_a492.7 _bL G |
| 100 | 1 | _aLECOMTE, GERARD | |
| 245 | 1 | 0 |
_aGRAMMAIRE DE L,ARABE / _cLECOMTE, GERARD |
| 260 |
_a[S.N] : _bPRESSES UNIVERSITOIRE DE FRANCE ، _c1968 |
||
| 300 | _a125P | ||
| 650 | 0 | 4 | _aARABIC LANGUAGE |
| 942 |
_2ddc _cBK |
||
| 999 |
_c11699 _d11699 |
||